| 000 | 00000nam##2200000za#4500 |
| 001 | 9.614350 |
| 003 | CaOODSP |
| 005 | 20220111083441 |
| 007 | ta |
| 008 | 150406|1998||||xxc||||| f|0| 0 eng|d |
| 020 | |a0-662-26732-X |
| 022 | |a1713-0638 |
| 040 | |aCaOODSP|beng |
| 043 | |an-cn--- |
| 086 | 1 |aNE22-1/1998-2E |
| 110 | 1 |aCanada. |bNational Energy Board. |
| 245 | 10|aIn the matter of Trans Québec and Maritimes Pipeline Inc.: PNGTS Extension : |bapplication dated 30 April 1997 |
| 260 | |aCalgary - Alberta : |bNational Energy Board |cApril 1998. |
| 300 | |a51p. : |bfigs. ; |c28 cm. |
| 490 | 1 |aReasons for decision|x1713-0638 |
| 563 | |aSoftcover |
| 590 | |a98-24|b1998-06-12 |
| 775 | 08|tRelativement à Gazoduc Trans Québec et Maritimes Inc.: Prolongement vers PNGTS : |w(CaOODSP)9.624708 |
| 776 | 0#|tReasons for decision in the matter of Trans Québec & Maritimes Pipeline Inc., PNGTS extension : |w(CaOODSP)9.572541 |
| 830 | #0|aReasons for decision (Canada. National Energy Board)|x1713-0638|w(CaOODSP)9.514808 |
| 986 | |aGH-1-97 |